[Event "AUT-chT2W 2425"]
[Site "Austria"]
[Date "2024.09.27"]
[Round "1.3"]
[White "Koepke, Christian"]
[Black "Brumen, Dinko"]
[Result "1-0"]
[WhiteElo "2298"]
[BlackElo "2302"]
[PlyCount "63"]
[EventDate "2024.09.27"]
[EventType "team-tourn"]
[EventRounds "11"]
[EventCountry "AUT"]
[SourceTitle "CB40_2024"]
[SourceDate "2024.10.02"]
[SourceVersion "1"]
[SourceVersionDate "2024.10.02"]
[SourceQuality "1"]
[WhiteTeam "Kufstein/Woergl"]
[BlackTeam "Schwarzach"]
[WhiteTeamCountry "AUT"]
[BlackTeamCountry "AUT"]

1. e4 c5 2. c3 e6 3. d4 d5 4. exd5 Qxd5 5. Nf3 Nc6 6. Be3 Nf6 7. Na3 cxd4 8. Nb5 Qd8 9. Nbxd4 Nd5 10. Nxc6 bxc6 11. Bd2 Qb6 12. Bd3 Qxb2 13. 0-0 Qa3 14. Ne5 Bd6 15. Nc4 Qc5 16. Bc1 Nxc3 17. Qc2 Nb5 18. Be3 Bxh2+ 19. Kxh2 Qh5+ 20. Kg1 0-0 21. Be4 Ba6 22. Rfe1 Nc7 23. Bxc6 Rac8 24. Bf3 Qh4 25. Nd6 f5 26. Nxc8 Rxc8 27. Qc6 Qe7 28. Bc5 Qf6 29. Bxa7 g5 30. Qd7 g4 31. Bd4 e5 32. Bxe5 1-0

[Event "Innsbruck op"]
[Site "Innsbruck"]
[Date "2024.08.29"]
[Round "7"]
[White "Stanec, Nikolaus"]
[Black "Koepke, Christian"]
[Result "1-0"]
[WhiteElo "2492"]
[BlackElo "2298"]
[PlyCount "105"]
[EventDate "2024.08.24"]
[EventType "swiss"]
[EventRounds "9"]
[EventCountry "AUT"]
[SourceTitle "CB36_2024"]
[SourceDate "2024.09.04"]
[SourceVersion "1"]
[SourceVersionDate "2024.09.04"]
[SourceQuality "1"]

1. d4 Nf6 2. Nf3 c5 3. d5 b5 4. Bg5 b4 5. Bxf6 exf6 6. e4 g6 7. Nbd2 Bg7 8. Nc4 d6 9. Bd3 0-0 10. a3 a5 11. 0-0 Qc7 12. Nfd2 Nd7 13. Ra2 Bb7 14. Qf3 Ne5 15. Nxe5 fxe5 16. Rfa1 f5 17. Qe2 Bh6 18. axb4 Bxd2 19. Qxd2 fxe4 20. Bxe4 cxb4 21. f3 Qc5+ 22. Kh1 Kg7 23. h4 Rf4 24. g3 Rf7 25. Kg2 Bc8 26. c3 bxc3 27. Qxc3 Qxc3 28. bxc3 Rfa7 29. Kf2 Kf6 30. Ke3 Ke7 31. g4 Rc7 32. Rxa5 Rxa5 33. Rxa5 Rxc3+ 34. Kf2 Rc7 35. Ra8 Kf6 36. g5+ Kf7 37. Kg3 Ke7 38. h5 Kf7 39. h6 Kf8 40. Bd3 Ke8 41. Rb8 Kd8 42. Rb6 Rd7 43. Bxg6 hxg6 44. Rxd6 Rxd6 45. h7 Rxd5 46. h8Q+ Kc7 47. Qg7+ Kd6 48. Qxg6+ Be6 49. Qe8 Rc5 50. Qf8+ Kd5 51. Qd8+ Kc4 52. g6 Rc8 53. Qd6 1-0

[Event "Innsbruck op"]
[Site "Innsbruck"]
[Date "2024.08.24"]
[Round "1"]
[White "Greussing, Stefan"]
[Black "Koepke, Christian"]
[Result "1/2-1/2"]
[WhiteElo "1941"]
[BlackElo "2298"]
[PlyCount "62"]
[EventDate "2024.08.24"]
[EventType "swiss"]
[EventRounds "9"]
[EventCountry "AUT"]
[SourceTitle "CB36_2024"]
[SourceDate "2024.09.04"]
[SourceVersion "1"]
[SourceVersionDate "2024.09.04"]
[SourceQuality "1"]

1. d4 Nf6 2. c4 g6 3. Nc3 Bg7 4. e4 d6 5. Nf3 0-0 6. Be2 e5 7. Be3 exd4 8. Nxd4 Re8 9. Qc2 c6 10. 0-0-0 Na6 11. h4 Qe7 12. Bf3 Bg4 13. Bg5 Bxf3 14. gxf3 h6 15. Bxf6 Qxf6 16. h5 Rad8 17. hxg6 fxg6 18. Kb1 Nc5 19. Rhg1 Kh7 20. Rg3 Qf7 21. Nde2 Rg8 22. f4 Qxc4 23. e5 Qf7 24. exd6 Bf8 25. b4 Na6 26. Ne4 Nxb4 27. Qb2 Nd5 28. Rh1 Qf5 29. Qc2 Nb4 30. Nd4 Nxc2 31. Nxf5 Bg7 1/2-1/2

[Event "Titled Tuesday intern op 21st May Late"]
[Site "Chess.com INT"]
[Date "2024.05.21"]
[Round "5"]
[White "Mesquita, Eduardo Barbosa"]
[Black "Koepke, Christian"]
[Result "0-1"]
[WhiteElo "1969"]
[BlackElo "2296"]
[PlyCount "104"]
[EventDate "2024.05.21"]
[EventType "swiss (blitz)"]
[EventRounds "11"]
[EventCountry "USA"]
[SourceTitle "CB22_2024"]
[SourceDate "2024.05.29"]
[SourceVersion "1"]
[SourceVersionDate "2024.05.29"]
[SourceQuality "1"]

1. e4 e5 2. Nf3 Nc6 3. Bb5 a6 4. Bxc6 dxc6 5. 0-0 f6 6. d3 Ne7 7. Be3 Bg4 8. Nbd2 Qd7 9. a4 a5 10. Bc5 b6 11. Ba3 c5 12. Qe1 0-0-0 13. Qe3 Nc6 14. Ne1 g5 15. f3 Be6 16. c3 Kb7 17. Rd1 h5 18. b3 Bh6 19. Bc1 g4 20. Qe2 Rhg8 21. Nc4 Bxc1 22. Rxc1 gxf3 23. Qxf3 Rg6 24. Qxh5 Rdg8 25. Rf2 Bg4 26. Qh4 Qg7 27. Kf1 Rh8 28. Qg3 Be2+ 29. Kxe2 Rxg3 30. hxg3 Rh6 31. Rf3 Rg6 32. Kf2 Ne7 33. Ne3 Rh6 34. N1c2 Qg8 35. Rb1 Qe6 36. Rb2 Rg6 37. b4 cxb4 38. cxb4 Nc6 39. bxa5 Nxa5 40. Nb4 Nc6 41. Nbd5 Nd4 42. Rf5 Qd6 43. Nc4 Qd8 44. a5 Nxf5 45. axb6 c6 46. Nc7 Qd4+ 47. Ke2 Nxg3+ 48. Kd2 Nxe4+ 49. Kc1 Rg8 50. Kb1 Qxd3+ 51. Rc2 Nc3+ 52. Kb2 Na4+ 0-1

[Event "Titled Tuesday intern op 21st May Late"]
[Site "Chess.com INT"]
[Date "2024.05.21"]
[Round "8"]
[White "Santos Flores, Alberto Javier"]
[Black "Koepke, Christian"]
[Result "1-0"]
[WhiteElo "2191"]
[BlackElo "2296"]
[PlyCount "61"]
[EventDate "2024.05.21"]
[EventType "swiss (blitz)"]
[EventRounds "11"]
[EventCountry "USA"]
[SourceTitle "CB22_2024"]
[SourceDate "2024.05.29"]
[SourceVersion "1"]
[SourceVersionDate "2024.05.29"]
[SourceQuality "1"]

1. e4 c5 2. Nf3 Nc6 3. Nc3 g6 4. d4 cxd4 5. Nxd4 Bg7 6. Be3 Nf6 7. Bc4 0-0 8. Bb3 d6 9. f3 Bd7 10. Qd2 Rc8 11. h4 h5 12. 0-0-0 Ne5 13. Bg5 Rc5 14. Kb1 a5 15. a4 Qb6 16. g4 Rxc3 17. Qxc3 Rc8 18. Qd2 hxg4 19. h5 Nxh5 20. Bh6 Bf6 21. Bg5 Bg7 22. Rxh5 gxh5 23. Qh2 Nc4 24. Nf5 Bxf5 25. exf5 Nxb2 26. Qxh5 Nc4 27. Qxg4 Qb4 28. Bc1 Qc3 29. f6 exf6 30. Qxc8+ Bf8 31. Qxc4 1-0

[Event "Titled Tuesday intern op 21st May Late"]
[Site "Chess.com INT"]
[Date "2024.05.21"]
[Round "10"]
[White "Shamsi, Mohammadhossein"]
[Black "Koepke, Christian"]
[Result "0-1"]
[WhiteElo "2217"]
[BlackElo "2296"]
[PlyCount "62"]
[EventDate "2024.05.21"]
[EventType "swiss (blitz)"]
[EventRounds "11"]
[EventCountry "USA"]
[SourceTitle "CB22_2024"]
[SourceDate "2024.05.29"]
[SourceVersion "1"]
[SourceVersionDate "2024.05.29"]
[SourceQuality "1"]

1. Nf3 b6 2. g3 Bb7 3. Bg2 g6 4. d4 Bg7 5. 0-0 Nf6 6. b3 c5 7. c4 cxd4 8. Nxd4 Bxg2 9. Kxg2 Qc8 10. e3 h5 11. h4 Nc6 12. Bb2 Qb7 13. Qf3 0-0 14. Nc3 Ng4 15. Nd5 e6 16. Nf4 Nge5 17. Qe4 f5 18. Nxc6 fxe4 19. Nxe5 d6 20. Nxe6 Bxe5 21. Bxe5 dxe5 22. Nxf8 Rxf8 23. Rad1 Rf7 24. Rd2 Rd7 25. Rfd1 Rd3 26. Rxd3 exd3+ 27. f3 e4 28. fxe4 Qxe4+ 29. Kf2 Kf7 30. Rd2 a5 31. a3 Ke6 0-1

[Event "Titled Tuesday intern op 13th Feb Early"]
[Site "Chess.com INT"]
[Date "2024.02.13"]
[Round "3"]
[White "Angulo Cubero, Oscar"]
[Black "Koepke, Christian"]
[Result "1/2-1/2"]
[WhiteElo "2152"]
[BlackElo "2303"]
[PlyCount "122"]
[EventDate "2024.02.13"]
[EventType "swiss (blitz)"]
[EventRounds "11"]
[EventCountry "USA"]
[SourceTitle "CB08_2024"]
[SourceDate "2024.02.21"]
[SourceVersion "1"]
[SourceVersionDate "2024.02.21"]
[SourceQuality "1"]

1. d4 d5 2. Bg5 f6 3. Bh4 Nh6 4. f3 c5 5. c3 Qb6 6. Qb3 cxd4 7. Qxb6 axb6 8. cxd4 Nc6 9. Nc3 Nxd4 10. 0-0-0 e5 11. Nxd5 Rxa2 12. e4 Ra1+ 13. Kd2 Rxd1+ 14. Kxd1 Bc5 15. Bc4 Bd7 16. Ne2 Nf7 17. Nec3 Nd6 18. Ba2 b5 19. b4 Ba7 20. Kc1 Kd8 21. Kb2 Kc8 22. Rc1 Kb8 23. Rd1 Rc8 24. Bf2 Nc4+ 25. Bxc4 bxc4 26. Ne3 Be6 27. Ncd5 b5 28. Rc1 Kb7 29. Ra1 Bb6 30. Ra2 Rd8 31. Nxb6 Kxb6 32. Nd1 c3+ 33. Nxc3 Bxa2 34. Kxa2 Rc8 35. Nd5+ Kb7 36. Bxd4 exd4 37. Kb3 Rc1 38. Nf4 Rg1 39. h4 g6 40. Ne6 Rxg2 41. Nxd4 Rg3 42. Kc3 Kb6 43. Kd3 Rh3 44. Ke3 Rxh4 45. Ne6 Rh1 46. Nf8 Rb1 47. Nxh7 Rxb4 48. Kf4 Rb3 49. Nxf6 b4 50. e5 Rb1 51. e6 Re1 52. Ne4 Kc7 53. Ke5 Kd8 54. Kf6 Ke8 55. Kxg6 Ke7 56. Kf5 Rxe4 57. Kxe4 b3 58. Kd3 Kxe6 59. Kc3 Kf5 60. Kxb3 Kf4 61. Kc2 Kxf3 1/2-1/2

[Event "Titled Tuesday intern op 13th Feb Early"]
[Site "Chess.com INT"]
[Date "2024.02.13"]
[Round "6"]
[White "Kim, Sergey2"]
[Black "Koepke, Christian"]
[Result "1-0"]
[WhiteElo "2295"]
[BlackElo "2303"]
[PlyCount "69"]
[EventDate "2024.02.13"]
[EventType "swiss (blitz)"]
[EventRounds "11"]
[EventCountry "USA"]
[SourceTitle "CB08_2024"]
[SourceDate "2024.02.21"]
[SourceVersion "1"]
[SourceVersionDate "2024.02.21"]
[SourceQuality "1"]

1. d4 d5 2. c4 e5 3. dxe5 Ne7 4. cxd5 Qxd5 5. Qxd5 Nxd5 6. e4 Nb4 7. Na3 Be6 8. b3 N8c6 9. Nf3 0-0-0 10. Be2 Nd3+ 11. Bxd3 Rxd3 12. 0-0 h6 13. Nc4 g5 14. Be3 Bg7 15. Rad1 Rhd8 16. Nd6+ R3xd6 17. exd6 cxd6 18. Nd4 Bxd4 19. Bxd4 a6 20. Bb6 Rd7 21. Rd2 d5 22. exd5 Rxd5 23. Rxd5 Bxd5 24. Rd1 Be6 25. f3 h5 26. Kf2 g4 27. Ke3 gxf3 28. gxf3 Bd7 29. Kf4 Nb4 30. Rd2 Nc6 31. Rd5 h4 32. Rh5 Be6 33. Rxh4 Nb4 34. Ke5 Kd7 35. Rxb4 1-0

[Event "Titled Tuesday intern op 13th Feb Early"]
[Site "Chess.com INT"]
[Date "2024.02.13"]
[Round "11"]
[White "Koepke, Christian"]
[Black "Belov, Alexei"]
[Result "1-0"]
[WhiteElo "2303"]
[BlackElo "2421"]
[PlyCount "51"]
[EventDate "2024.02.13"]
[EventType "swiss (blitz)"]
[EventRounds "11"]
[EventCountry "USA"]
[SourceTitle "CB08_2024"]
[SourceDate "2024.02.21"]
[SourceVersion "1"]
[SourceVersionDate "2024.02.21"]
[SourceQuality "1"]

1. e4 e6 2. d4 d5 3. e5 c5 4. c3 Qb6 5. Nf3 Nc6 6. Bd3 cxd4 7. cxd4 Bd7 8. 0-0 Nxd4 9. Nbd2 Bc5 10. b4 Nxf3+ 11. Qxf3 Bd4 12. Qg3 Bxa1 13. Qxg7 0-0-0 14. Qxh8 Ne7 15. Qf6 Nc6 16. Nf3 Nxb4 17. Bxh7 Bb5 18. Be3 d4 19. Rc1+ Bc6 20. Bg5 Bc3 21. Qxf7 Nxa2 22. Qxe6+ Kb8 23. Bxd8 Qb2 24. Rb1 Qe2 25. Qxc6 Nb4 26. Qc7+ 1-0

[Event "Titled Tuesday intern op 13th Feb Early"]
[Site "Chess.com INT"]
[Date "2024.02.13"]
[Round "1"]
[White "Koepke, Christian"]
[Black "Tomczak, Jacek"]
[Result "0-1"]
[WhiteElo "2303"]
[BlackElo "2598"]
[PlyCount "72"]
[EventDate "2024.02.13"]
[EventType "swiss (blitz)"]
[EventRounds "11"]
[EventCountry "USA"]
[SourceTitle "CB08_2024"]
[SourceDate "2024.02.21"]
[SourceVersion "1"]
[SourceVersionDate "2024.02.21"]
[SourceQuality "1"]

1. e4 e6 2. d4 d5 3. e5 c5 4. c3 Nc6 5. Nf3 Qb6 6. Bd3 cxd4 7. cxd4 Bd7 8. 0-0 Nxd4 9. Nbd2 Ne7 10. Nxd4 Qxd4 11. Nf3 Qb6 12. Be3 Qd8 13. Qb3 Nc6 14. a3 Na5 15. Qd1 Be7 16. h4 h6 17. Rc1 Nc4 18. Bxc4 dxc4 19. Rxc4 Bb5 20. Rd4 Qc7 21. Re1 Bc5 22. Rg4 Bxe3 23. Rxe3 g6 24. Nd4 Bd7 25. Rc3 Qxe5 26. Re3 Qc7 27. Qf3 Qc1+ 28. Kh2 Qc7+ 29. g3 Ke7 30. Rf4 f5 31. h5 Raf8 32. hxg6 Kf6 33. Qd1 Rhg8 34. Nxe6 Bxe6 35. Qd4+ Ke7 36. Rh4 Rxg6 0-1

[Event "Titled Tuesday intern op 13th Feb Early"]
[Site "Chess.com INT"]
[Date "2024.02.13"]
[Round "10"]
[White "Sahib, Singh"]
[Black "Koepke, Christian"]
[Result "1-0"]
[WhiteElo "2290"]
[BlackElo "2303"]
[PlyCount "109"]
[EventDate "2024.02.13"]
[EventType "swiss (blitz)"]
[EventRounds "11"]
[EventCountry "USA"]
[SourceTitle "CB08_2024"]
[SourceDate "2024.02.21"]
[SourceVersion "1"]
[SourceVersionDate "2024.02.21"]
[SourceQuality "1"]

1. e4 c6 2. d4 d5 3. Nc3 dxe4 4. Nxe4 Bf5 5. Ng3 Bg6 6. h4 h6 7. Nf3 Nd7 8. h5 Bh7 9. Bd3 Bxd3 10. Qxd3 e6 11. Bd2 Ngf6 12. 0-0-0 Be7 13. Ne4 Nxe4 14. Qxe4 Nf6 15. Qd3 Qd5 16. Kb1 b5 17. Rde1 Bd6 18. Rh4 0-0 19. g4 Nh7 20. Rg1 f6 21. Ne1 Rad8 22. Ng2 Be7 23. Nf4 Qxd4 24. Qxd4 Rxd4 25. Be3 Re4 26. Ng6 Re8 27. Rhh1 Nf8 28. Bxa7 Ra8 29. Nxe7+ Kf7 30. Nxc6 Rc4 31. Na5 Ra4 32. Bb6 Ra6 33. Bd8 Ra8 34. Rd1 R4xa5 35. Bxa5 Rxa5 36. Rd2 e5 37. Rhd1 Ne6 38. b4 Ra4 39. Rd7+ Ke8 40. Rb7 Rxb4+ 41. Kc1 Nd4 42. c3 Rc4 43. Kb2 Ne2 44. Rdd7 Nxc3 45. Rxg7 Na4+ 46. Ka3 Kf8 47. Rgc7 Rc3+ 48. Kb4 Rxc7 49. Rxc7 Nb2 50. Kxb5 Nd1 51. a4 Nxf2 52. a5 e4 53. a6 e3 54. a7 e2 55. a8Q# 1-0

[Event "Bayern-chI Bank Hofmann 26th"]
[Site "Tegernsee"]
[Date "2023.10.28"]
[Round "1"]
[White "Fauth, Dietmar"]
[Black "Koepke, Christian"]
[Result "1-0"]
[WhiteElo "2048"]
[BlackElo "2317"]
[PlyCount "137"]
[EventDate "2023.10.28"]
[EventType "swiss"]
[EventRounds "9"]
[EventCountry "GER"]
[SourceTitle "Mega2024 Update 01"]
[Source "Chessbase"]
[SourceDate "2023.11.12"]
[SourceVersion "1"]
[SourceVersionDate "2023.11.12"]
[SourceQuality "1"]

1. e4 c6 2. d4 d5 3. e5 Bf5 4. Nf3 e6 5. Be2 Nd7 6. 0-0 a5 7. a4 f6 8. c4 fxe5 9. dxe5 Bc5 10. cxd5 exd5 11. Nd4 Bxd4 12. Qxd4 Ne7 13. Bg5 0-0 14. Nd2 h6 15. Bh4 Bh7 16. Bg4 Qe8 17. Bxe7 Qxe7 18. f4 Rae8 19. Rae1 Qc5 20. Nb3 Qxd4+ 21. Nxd4 Nc5 22. Re3 Be4 23. b3 Nd3 24. g3 Re7 25. Rd1 Nb4 26. Ne6 Rff7 27. Rxe4 dxe4 28. Rd8+ Kh7 29. Nf8+ Rxf8 30. Rxf8 g6 31. Kf2 Nd5 32. Rb8 Kg7 33. Bc8 b6 34. h4 h5 35. Bh3 b5 36. Bg2 bxa4 37. bxa4 Nc3 38. Ke3 Nxa4 39. Bxe4 Rc7 40. Ra8 Nb2 41. Ra6 a4 42. Bxc6 a3 43. Bd5 Rc3+ 44. Ke4 Nd1 45. Ra7+ Kf8 46. e6 Re3+ 47. Kd4 Re2 48. Be4 Nf2 49. Bxg6 Rxe6 50. Bxh5 Re4+ 51. Kd5 Re3 52. f5 Rd3+ 53. Ke5 Re3+ 54. Kf4 Re7 55. Rxa3 Ne4 56. Re3 Nf6 57. Rxe7 Kxe7 58. Bf3 Kf7 59. g4 Kg7 60. g5 Nd7 61. Bc6 Nf8 62. Ke5 Kf7 63. h5 Kg7 64. h6+ Kh7 65. Kf6 Kg8 66. g6 Kh8 67. g7+ Kh7 68. gxf8R Kxh6 69. Rh8# 1-0

[Event "Titled Tuesday intern op 27th Jun Early"]
[Site "Chess.com INT"]
[Date "2023.06.27"]
[Round "7"]
[White "Koepke, Christian"]
[Black "Gunina, Valentina"]
[Result "1-0"]
[WhiteElo "2308"]
[BlackElo "2457"]
[PlyCount "21"]
[EventDate "2023.06.27"]
[EventType "swiss (blitz)"]
[EventRounds "11"]
[EventCountry "USA"]
[SourceTitle "EXT 2024"]
[Source "ChessBase"]
[SourceDate "2023.10.10"]
[SourceVersion "1"]
[SourceVersionDate "2023.10.10"]
[SourceQuality "1"]

1. d4 d5 2. Nf3 Nf6 3. c3 c6 4. Qc2 g6 5. h3 Bf5 6. Qb3 Qb6 7. Bf4 Bg7 8. Nbd2 0-0 9. e3 Ne4 10. Be2 Nd7 11. Nxe4 1-0

[Event "Titled Tuesday intern op 27th Jun Early"]
[Site "Chess.com INT"]
[Date "2023.06.27"]
[Round "4"]
[White "Pinheiro, Iung Alicio"]
[Black "Koepke, Christian"]
[Result "0-1"]
[WhiteElo "2306"]
[BlackElo "2308"]
[PlyCount "42"]
[EventDate "2023.06.27"]
[EventType "swiss (blitz)"]
[EventRounds "11"]
[EventCountry "USA"]
[SourceTitle "EXT 2024"]
[Source "ChessBase"]
[SourceDate "2023.10.10"]
[SourceVersion "1"]
[SourceVersionDate "2023.10.10"]
[SourceQuality "1"]

1. d4 d5 2. c4 e5 3. dxe5 Ne7 4. Nf3 Nbc6 5. e3 Bg4 6. Nc3 Bxf3 7. gxf3 d4 8. Ne4 Nf5 9. f4 Bb4+ 10. Ke2 Qh4 11. a3 0-0-0 12. axb4 dxe3 13. Bxe3 Rxd1 14. Rxd1 Nxe5 15. fxe5 Qxe4 16. Bh3 Kb8 17. Bxf5 Qxf5 18. Rd4 Qxe5 19. Rhd1 b6 20. b5 Re8 21. b3 f5 0-1

[Event "Titled Tuesday intern op 16th May Early"]
[Site "Chess.com INT"]
[Date "2023.05.16"]
[Round "3"]
[White "Koepke, Christian"]
[Black "Deepak, Katiyar"]
[Result "1-0"]
[WhiteElo "2308"]
[BlackElo "2070"]
[PlyCount "105"]
[EventDate "2023.05.16"]
[EventType "swiss (blitz)"]
[EventRounds "11"]
[EventCountry "USA"]
[SourceTitle "CBM 214 Extra"]
[Source "ChessBase"]
[SourceDate "2023.07.31"]
[SourceVersion "1"]
[SourceVersionDate "2023.07.31"]
[SourceQuality "1"]

1. e4 c6 2. Nc3 d5 3. Qf3 d4 4. Bc4 e6 5. Nce2 c5 6. d3 Nc6 7. Qg3 Nf6 8. Bd2 e5 9. f4 Qc7 10. Nf3 Nh5 11. Qg5 Nxf4 12. Nxf4 exf4 13. Bxf4 Qe7 14. Qg3 Be6 15. Nd2 a6 16. 0-0 b5 17. Bxe6 Qxe6 18. a4 Rc8 19. axb5 axb5 20. Ra6 Qg6 21. Qh3 Qe6 22. Qxe6+ fxe6 23. Nf3 Be7 24. Rb6 0-0 25. Bg3 Bd8 26. Rxb5 Nb4 27. Bd6 Rf7 28. Rxc5 Rxc5 29. Bxc5 Nxc2 30. Nxd4 Bf6 31. Nxc2 Rc7 32. b4 h6 33. g3 Kh7 34. Kg2 Rc8 35. Ne3 Bd8 36. Nc4 Bc7 37. Rf7 Kg6 38. Rd7 Bb8 39. Bd4 Rc7 40. Rxc7 Bxc7 41. b5 Kf7 42. b6 Bb8 43. Be5 Bxe5 44. Nxe5+ Kf6 45. b7 Kxe5 46. b8Q+ Kd4 47. Qg8 Kxd3 48. Qxg7 Kxe4 49. Qxh6 e5 50. Kf2 Kd4 51. Qe3+ Kd5 52. Kf3 Kd6 53. Ke4 1-0

[Event "Titled Tuesday intern op 16th May Early"]
[Site "Chess.com INT"]
[Date "2023.05.16"]
[Round "8"]
[White "Koepke, Christian"]
[Black "Gheorghiu, Calin"]
[Result "1/2-1/2"]
[WhiteElo "2308"]
[BlackElo "2313"]
[PlyCount "82"]
[EventDate "2023.05.16"]
[EventType "swiss (blitz)"]
[EventRounds "11"]
[EventCountry "USA"]
[SourceTitle "CBM 214 Extra"]
[Source "ChessBase"]
[SourceDate "2023.07.31"]
[SourceVersion "1"]
[SourceVersionDate "2023.07.31"]
[SourceQuality "1"]

1. d4 Nf6 2. e3 d5 3. Bd3 c5 4. c3 Nc6 5. f4 g6 6. Nf3 Bg7 7. Ne5 0-0 8. 0-0 Bf5 9. Qe2 Rc8 10. b3 a6 11. Bb2 b5 12. Bxf5 gxf5 13. dxc5 Ne4 14. Nxc6 Rxc6 15. b4 Qc7 16. a4 bxa4 17. Rxa4 Rb8 18. Rxa6 Rxa6 19. Qxa6 Nxc5 20. bxc5 Rxb2 21. Qa8+ Rb8 22. Qxd5 e6 23. Qd6 Qa7 24. Nd2 Bf8 25. Qe5 Bxc5 26. Rf3 Kf8 27. h3 Ke7 28. Kh2 Rg8 29. Nb3 Bd6 30. Qa5 Qb7 31. Nd4 Qb2 32. Qa7+ Kf6 33. Rg3 Rxg3 34. Kxg3 Qxc3 35. Nf3 Bc5 36. Qb8 Qxe3 37. Qd8+ Kg7 38. Qg5+ Kf8 39. Qd8+ Kg7 40. Qg5+ Kf8 41. Qd8+ Kg7 1/2-1/2

[Event "Titled Tuesday intern op 16th May Early"]
[Site "Chess.com INT"]
[Date "2023.05.16"]
[Round "2"]
[White "Koepke, Christian"]
[Black "Hayrapetyan, Hovik"]
[Result "0-1"]
[WhiteElo "2308"]
[BlackElo "2442"]
[PlyCount "62"]
[EventDate "2023.05.16"]
[EventType "swiss (blitz)"]
[EventRounds "11"]
[EventCountry "USA"]
[SourceTitle "CBM 214 Extra"]
[Source "ChessBase"]
[SourceDate "2023.07.31"]
[SourceVersion "1"]
[SourceVersionDate "2023.07.31"]
[SourceQuality "1"]

1. e4 c5 2. Be2 d6 3. f4 Nc6 4. Nf3 g6 5. 0-0 Bg7 6. c3 Nf6 7. d3 0-0 8. Kh1 b6 9. Be3 Bb7 10. Nbd2 e5 11. fxe5 dxe5 12. Nc4 Qc7 13. Bg5 h6 14. Bh4 Nh5 15. Ne3 Nf4 16. Bg3 Rad8 17. Bxf4 exf4 18. Nd5 Qd6 19. Qd2 g5 20. d4 cxd4 21. cxd4 Kh8 22. h4 f5 23. Bd3 fxe4 24. Bxe4 Nxd4 25. Nxd4 Bxd5 26. Nf5 Qe5 27. Nxg7 Bxe4 28. Qc3 Qxc3 29. bxc3 Kxg7 30. hxg5 hxg5 31. Rae1 Rfe8 0-1

[Event "Titled Tuesday intern op 16th May Early"]
[Site "Chess.com INT"]
[Date "2023.05.16"]
[Round "6"]
[White "Koepke, Christian"]
[Black "Sidletskyi, Ivan"]
[Result "1-0"]
[WhiteElo "2308"]
[BlackElo "2152"]
[PlyCount "119"]
[EventDate "2023.05.16"]
[EventType "swiss (blitz)"]
[EventRounds "11"]
[EventCountry "USA"]
[SourceTitle "CBM 214 Extra"]
[Source "ChessBase"]
[SourceDate "2023.07.31"]
[SourceVersion "1"]
[SourceVersionDate "2023.07.31"]
[SourceQuality "1"]

1. e4 e6 2. d4 d5 3. e5 c5 4. c3 Nc6 5. Nf3 Bd7 6. Bd3 Nge7 7. Na3 cxd4 8. cxd4 Nf5 9. Nc2 Qb6 10. Bxf5 exf5 11. 0-0 Be7 12. h4 Rc8 13. Bg5 h6 14. Bxe7 Nxe7 15. b3 0-0 16. Qd2 Rc7 17. Rfc1 Rfc8 18. Nce1 Bb5 19. g3 Ba6 20. Ng2 Kf8 21. Nf4 Rc6 22. Rxc6 Qxc6 23. Rd1 Qc2 24. Qxc2 Rxc2 25. Rd2 Rc1+ 26. Kg2 Bf1+ 27. Kh2 Bb5 28. h5 g5 29. hxg6 fxg6 30. Ne6+ Kf7 31. Nd8+ Kg7 32. Nxb7 g5 33. Nd6 Bd7 34. Ng1 f4 35. gxf4 gxf4 36. Ne2 Ng6 37. Nxc1 Nh4 38. Rc2 Nf3+ 39. Kh1 Bg4 40. Nd3 Nxd4 41. Rc7+ Kg6 42. Nxf4+ Kg5 43. Nd3 Ne6 44. Rxa7 Bf3+ 45. Kh2 Kh4 46. Nf5+ Kg5 47. Ne3 d4 48. Nc4 Kh4 49. b4 Ng5 50. Rg7 Be2 51. Ncb2 Nf3+ 52. Kh1 Nd2 53. Rg6 Bf3+ 54. Kg1 h5 55. e6 Be4 56. Rf6 Kg5 57. e7 Kxf6 58. e8Q Nf3+ 59. Kf1 Nd2+ 60. Ke2 1-0

[Event "Titled Tuesday intern op 16th May Early"]
[Site "Chess.com INT"]
[Date "2023.05.16"]
[Round "7"]
[White "Shturman, Arseniy"]
[Black "Koepke, Christian"]
[Result "0-1"]
[WhiteElo "2076"]
[BlackElo "2308"]
[PlyCount "136"]
[EventDate "2023.05.16"]
[EventType "swiss (blitz)"]
[EventRounds "11"]
[EventCountry "USA"]
[SourceTitle "CBM 214 Extra"]
[Source "ChessBase"]
[SourceDate "2023.07.31"]
[SourceVersion "1"]
[SourceVersionDate "2023.07.31"]
[SourceQuality "1"]

1. e4 c5 2. Nf3 Nc6 3. d4 cxd4 4. Nxd4 e5 5. Nb5 a6 6. Nd6+ Bxd6 7. Qxd6 Qe7 8. Qd1 Nf6 9. Nc3 d6 10. Be2 h6 11. 0-0 0-0 12. Be3 Be6 13. Bf3 Rfc8 14. Qd2 b5 15. a4 b4 16. Nd5 Bxd5 17. exd5 Na5 18. b3 Rc3 19. Rac1 Nb7 20. Qe2 Rac8 21. Qxa6 e4 22. Be2 Nxd5 23. Bd4 Rxc2 24. Rxc2 Rxc2 25. Bc4 Nf4 26. a5 d5 27. Qa8+ Kh7 28. a6 Nd6 29. a7 dxc4 30. Qb8 Ra2 31. bxc4 Ne2+ 32. Kh1 Nxd4 33. a8Q Rxa8 34. Qxa8 Nxc4 35. Qd5 Nd2 36. Rd1 N4b3 37. Rxd2 Nxd2 38. Qxd2 Qc5 39. h3 Qc3 40. Qf4 Qf6 41. Qxe4+ g6 42. Qxb4 Qxf2 43. Qc4 h5 44. Kh2 Kg8 45. Qc8+ Kg7 46. Qc3+ Qf6 47. Qc1 Qe6 48. Qc3+ Kh7 49. Qf3 Qe7 50. Qf4 h4 51. Kg1 g5 52. Qf5+ Kg7 53. Kf1 Qf6 54. Qxf6+ Kxf6 55. Kf2 Ke5 56. Ke3 f6 57. Kf3 Kf5 58. Ke3 g4 59. Ke2 Kf4 60. Kf2 f5 61. Ke2 Kg3 62. Kf1 Kh2 63. hxg4 fxg4 64. Kf2 h3 65. gxh3 g3+ 66. Kf3 g2 67. h4 g1Q 68. h5 Qg5 0-1